000 00586nam a2200229Ia 4500
003 OSt
005 20221007072530.0
006 a|||||r|||| 00| 0
007 ta
008 221006b |||||||| |||| 00| 0 eng d
024 _a25,313
037 _cTextual
040 _aFLL
_cFLL
_beng
041 _2eng
_aeng
082 _aZ3:92, J7
100 _aKirlfy A. K. R.
_9690876
245 0 _aEnglish law
260 _aLondon
_bSweet & Maxwell Limited UK
_c1957
300 _axx,445p
_ccm.
942 _hZ3:92, J7
_cTEXL
_2CC
999 _c1146336
_d1146336